[Event "Borsod-chT2 1415"]
[Site "Hungary"]
[Date "2014.10.26"]
[Round "2.6"]
[White "Bujdoso, Barnabas Jr"]
[Black "Urban, Denes"]
[Result "1-0"]
[WhiteElo "1644"]
[BlackElo "1588"]
[PlyCount "76"]
[EventDate "2014.09.28"]
[EventType "team-tourn"]
[EventRounds "7"]
[EventCountry "HUN"]
[SourceTitle "EXT 2016"]
[Source "ChessBase"]
[SourceDate "2015.10.08"]
[SourceVersion "1"]
[SourceVersionDate "2015.10.08"]
[SourceQuality "1"]
[WhiteTeam "Szendro"]
[BlackTeam "Encs"]
[WhiteTeamCountry "HUN"]
[BlackTeamCountry "HUN"]

1. e4 e5 2. Nf3 Nc6 3. Bc4 Nf6 4. Ng5 d5 5. exd5 Na5 6. d3 Nxc4 7. dxc4 h6 8. Nf3 e4 9. Nd4 Bg4 10. Ne2 Bc5 11. c3 0-0 12. b4 Bd6 13. h3 Bh5 14. Be3 Be5 15. Qc2 b6 16. Nd2 Bg6 17. Nd4 Qd6 18. Nc6 Bf4 19. Nf1 Nd7 20. Qe2 Rfe8 21. Nd4 Be5 22. Rc1 f5 23. Nb5 Qf6 24. Bd4 Re7 25. Nxc7 Bxd4 26. cxd4 Rc8 27. Ne6 f4 28. g3 f3 29. Qe3 Nf8 30. Nf4 Bf7 31. Nd2 g5 32. Ne6 Nxe6 33. dxe6 Qxe6 34. h4 g4 35. 0-0 h5 36. Qg5+ Bg6 37. Rfe1 Kh7 38. Nb3 Qf5 1-0

[Event "Borsod-chT2 1415"]
[Site "Hungary"]
[Date "2014.09.29"]
[Round "1.6"]
[White "Szakacs, Eniko"]
[Black "Urban, Denes"]
[Result "1/2-1/2"]
[WhiteElo "1732"]
[BlackElo "1588"]
[PlyCount "32"]
[EventDate "2014.09.28"]
[EventType "team-tourn"]
[EventRounds "7"]
[EventCountry "HUN"]
[SourceTitle "EXT 2016"]
[Source "ChessBase"]
[SourceDate "2015.10.08"]
[SourceVersion "1"]
[SourceVersionDate "2015.10.08"]
[SourceQuality "1"]
[WhiteTeam "Edeleny III"]
[BlackTeam "Encs"]
[WhiteTeamCountry "HUN"]
[BlackTeamCountry "HUN"]

1. Nf3 d5 2. d4 Nc6 3. g3 Bg4 4. Bg2 Nf6 5. 0-0 Qd7 6. e3 g6 7. c4 dxc4 8. Qa4 Bg7 9. Qxc4 0-0 10. Nc3 Bxf3 11. Bxf3 Qh3 12. Nd5 Ng4 13. Bxg4 Qxg4 14. Nxc7 Rac8 15. Nb5 Nxd4 16. Qd5 Nxb5 1/2-1/2